000 00612nam a2200229Ia 4500
003 OSt
005 20220918182749.0
006 a|||||r|||| 00| 0
007 ta
008 220917b |||||||| |||| 00| 0 eng d
024 _a34,318
037 _cTextual
040 _aARTS
_cARTS
_beng
041 _2eng
_aeng
082 _aO15:2D81:1, J4
100 _aDatta Vishakha
_961152
245 0 _aMudra rakshasa with the comm Sasikala ed by Satyavrata Singha
260 _c1954
650 _aENGLISH LITERATURE
942 _hO15:2D81:1, J4
_cTEXL
_2CC
999 _c170270
_d170270